Múzeum a zselízi garázsban Farkas István gyermekkora óta szenvedélyének él, mindent, amit arra érdemesnek tart, "begyűjt" ...

Bibliographic Details
Main Authors: Albert, József (Author, Interviewer), Farkas, István, 1949- (Author)
Format: Article
Language:Hungarian
PhysicalDescription:Fotogr.
ISSN:1335-7050
Subjects:

MARC

LEADER 00000nab a2200000 ar4500
001 vtls009469087
003 SK-MaSNL
005 20260319070817.0
008 090204c20090103xo |||||||| 000 b|hun
015 |a SNBRB2009/02  |2 snkbucl 
038 |a SNKBUCL 
040 |a DSZK  |b slo  |c DSZK  |e AACR2 
041 0 |a hun 
044 |a xo  |c SK 
080 |a 7.074  |2 1997 
080 |a 379.824  |2 1997 
100 1 |a Albert, József  |4 ivr  |4 aut  |9 569716 
245 1 0 |a Múzeum a zselízi garázsban  |b Farkas István gyermekkora óta szenvedélyének él, mindent, amit arra érdemesnek tart, "begyűjt" ...  |c Albert József, Farkas István 
300 |b Fotogr. 
600 1 7 |a Farkas, István,  |d 1949-  |2 SNKMA  |9 1047359 
650 0 7 |a zberateľstvo  |2 SNKPH  |9 2899 
651 7 |a Želiezovce (Slovensko)  |2 SNKPHgeo  |9 58700 
655 7 |a rozhovory  |2 SNKPH  |9 31831 
700 1 |a Farkas, István,  |d 1949-  |4 ive  |4 aut  |9 1047359 
773 0 |t Új szó  |g Évf. 62, sz. 2 (3.1.2009), o. [25]-26  |x 1335-7050 
773 0 8 |i Mell.:  |t Presszó  |g Évf. 3, sz. 1 (2009) 
852 |a SNK  |b KIS3GCP 
852 |a DSZK  |b KIS3GCP 
958 |a HU 
958 |a SK 
999 |c 1721621  |d 1723551